Statistiques concernant Culture Générale - Série 784

Cliquez ici pour prendre le quiz!

Statistiques générales

  • Ce quiz a été pris 72 fois
  • Le résultat moyen est 5 sur 10

Statistiques - réponses

QuestionRéponse% Correct
Dans quel pays européen se trouve la communauté autonome d'Aragón ?Espagne
94%
Dans le langage enfantin, quelle partie du corps est appelée : "mimine" ?main
91%
Quel mot rimant avec reblochon est un synonyme de traversin ?polochon
82%
Qui interpréta une reprise de son propre tube "Candle in the Wind", lors des funérailles de Lady Diana ?Elton John
75%
En 1999, quel pays rétrocède à la Chine le territoire de Macao ?Portugal
59%
Dans quel département français la Saône prend-elle sa source ?Vosges
24%
En 1963, pour quelle chanteuse Serge Gainsbourg a-t-il écrit "La Javanaise" ?Juliette Greco
22%
Dans un de ses sketches, Fernand Raynaud dit ne pas être un imbécile, car il exerce la profession de...douanier
21%
Plante originaire du Mexique servant à la fabrication de cordage, de tissus grossiers ...sisal
15%
Complétez le titre du roman de Mary Higgins Clark pour lequel elle a obtenu le Grand Prix de littérature policière en 1980 " La Nuit ...du renard
12%

Distribution des résultats

Percentile par nombre de réponses

% des personnes avec chaque résultat

Votre développement - résultats

Vous n’avez pas pris ce quiz